[Event "Bunratty Masters 2015"]
[Site "Bunratty IRL"]
[Date "2015.02.20"]
[Round "1.4"]
[White "Denger, Philipp"]
[Black "Pert, Nicholas"]
[Result "0-1"]
[BlackTitle "GM"]
[WhiteElo "2088"]
[BlackElo "2565"]
[WhiteFideId "4678150"]
[BlackFideId "403989"]
[EventDate "2015.02.20"]

1. d4 d5 2. c4 c6 3. Nf3 Nf6 4. e3 Bg4 5. Nbd2 e6 6. Bd3 Nbd7 7. b3 Bd6 8. Qc2
e5 9. dxe5 Nxe5 10. Nxe5 Bxe5 11. Bb2 Bxb2 12. Qxb2 O-O 13. Be2 Bxe2 14. Kxe2
Qd7 15. h3 Rfe8 16. cxd5 Nxd5 17. Rhd1 Rad8 18. Kf1 c5 19. Qc2 Rxe3 20. Qxc5 Rd3
21. Nc4 b6 22. Qa3 Nf4 23. Rxd3 Qxd3+ 24. Kg1 Qg6 25. g3 Nxh3+ 26. Kf1 Qd3+ 27.
Kg2 Nxf2 28. Rf1 Ne4 29. Qe7 Qxg3+ 30. Kh1 Nf2+ 0-1

[Event "Bunratty Masters 2015"]
[Site "Bunratty IRL"]
[Date "2015.02.20"]
[Round "1.5"]
[White "Hebden, Mark L"]
[Black "Rawlinson, Aidan M"]
[Result "1-0"]
[WhiteTitle "GM"]
[WhiteElo "2491"]
[BlackElo "2182"]
[WhiteFideId "400084"]
[BlackFideId "413496"]
[EventDate "2015.02.20"]

1. d4 g6 2. e4 Bg7 3. Nf3 d6 4. Bc4 Nf6 5. Qe2 O-O 6. e5 dxe5 7. dxe5 Nd5 8. O-O
Bg4 9. Rd1 e6 10. Bb3 Bxf3 11. Qxf3 Nd7 12. c4 N5b6 13. Bf4 c6 14. Qe3 Qc7 15.
Re1 a5 16. a4 Nc8 17. Nd2 Ne7 18. Nf3 c5 19. Rad1 Nc6 20. Bc2 Rad8 21. b3 b6 22.
h4 Ndb8 23. h5 Rxd1 24. Bxd1 Ne7 25. Bc2 Rd8 26. Bh6 Bh8 27. Bg5 Nd7 1-0

[Event "Bunratty Masters 2015"]
[Site "Bunratty IRL"]
[Date "2015.02.20"]
[Round "1.6"]
[White "Wolferink, Frans"]
[Black "Norwood, David R"]
[Result "0-1"]
[BlackTitle "GM"]
[WhiteElo "2084"]
[BlackElo "2502"]
[WhiteFideId "1003917"]
[BlackFideId "400106"]
[EventDate "2015.02.20"]

1. e4 g6 2. d4 Bg7 3. Nc3 d6 4. f4 a6 5. Nf3 b5 6. Bd3 Nd7 7. a4 b4 8. Ne2 c5 9.
c3 Bb7 10. Ng5 Nh6 11. O-O O-O 12. f5 Qb6 13. a5 Qa7 14. Bb1 bxc3 15. bxc3 cxd4
16. cxd4 d5 17. exd5 Bxd5 18. Kh1 Nf6 19. fxg6 hxg6 20. Nf4 Rad8 21. Qd3 e5 22.
Nxd5 Rxd5 23. Ra4 exd4 24. Ba2 Rf5 25. Rxf5 Nxf5 26. Ba3 Re8 27. Qf1 Ne3 28. Qf2
Ned5 29. h3 Bh6 30. Nxf7 Qxf7 0-1

[Event "Bunratty Masters 2015"]
[Site "Bunratty IRL"]
[Date "2015.02.20"]
[Round "1.7"]
[White "Wells, Peter K"]
[Black "MacElligott, Gerard"]
[Result "1-0"]
[WhiteTitle "GM"]
[BlackTitle "CM"]
[WhiteElo "2456"]
[BlackElo "2080"]
[WhiteFideId "400327"]
[BlackFideId "2500647"]
[EventDate "2015.02.20"]

1. d4 Nf6 2. Nf3 c5 3. d5 b5 4. Bg5 Qb6 5. a4 b4 6. a5 Qd6 7. Bxf6 Qxf6 8. c3 e5
9. e4 Ba6 10. Nbd2 Bxf1 11. Nxf1 Na6 12. Ne3 Bd6 13. Qe2 Nc7 14. cxb4 cxb4 15.
Rc1 O-O 16. O-O Rfc8 17. Rc4 Qd8 18. Nf5 Ne8 19. Rxc8 Rxc8 20. Qa6 Qc7 21. Nxe5
Bc5 22. Nd3 Kf8 23. Rc1 d6 24. e5 Qd7 25. Nxd6 Nxd6 26. Nxc5 1-0

[Event "Bunratty Masters 2015"]
[Site "Bunratty IRL"]
[Date "2015.02.20"]
[Round "1.8"]
[White "Quinn, Rory"]
[Black "Lalic, Bogdan"]
[Result "1/2-1/2"]
[BlackTitle "GM"]
[WhiteElo "2121"]
[BlackElo "2483"]
[WhiteFideId "2501643"]
[BlackFideId "409081"]
[EventDate "2015.02.20"]

1. e4 c6 2. d4 d5 3. f3 e6 4. Be3 Qb6 5. Qc1 c5 6. dxc5 Bxc5 7. Bxc5 Qxc5 8. Bd3
Ne7 9. Nc3 Nbc6 10. Qg5 O-O 11. O-O-O f6 12. Qh5 Qe3+ 13. Kb1 g6 14. Qh4 Kg7 15.
Nh3 d4 16. Nb5 Qh6 17. Qe1 e5 18. Nf2 Rd8 19. Bc4 Rb8 20. Nc7 b6 21. Nd3 Rb7 22.
Nd5 Nxd5 23. Bxd5 Rc7 24. c3 Ne7 25. c4 Bd7 26. Qb4 Be8 1/2-1/2

[Event "Bunratty Masters 2015"]
[Site "Bunratty IRL"]
[Date "2015.02.20"]
[Round "1.9"]
[White "Baburin, Alexander"]
[Black "Pahor, Milos"]
[Result "1-0"]
[WhiteTitle "GM"]
[WhiteElo "2485"]
[BlackElo "2068"]
[WhiteFideId "2500914"]
[BlackFideId "14602962"]
[EventDate "2015.02.20"]

1. d4 Nf6 2. c4 c5 3. d5 e6 4. Nc3 exd5 5. cxd5 d6 6. Nf3 g6 7. Nd2 Nbd7 8. e4
a6 9. a4 Bg7 10. Be2 O-O 11. O-O Re8 12. f4 c4 13. Kh1 Nc5 14. e5 dxe5 15. fxe5
Rxe5 16. Nxc4 Re8 17. Bg5 h6 18. Bh4 Bf5 19. a5 Rxe2 20. Nxe2 Qxd5 21. Nb6 Qxd1
22. Raxd1 Re8 23. Nd4 Bg4 24. Nf3 g5 25. Bf2 Nb3 26. Nc4 Ne4 27. Bb6 Be6 28.
Nfd2 Bg4 29. Nxb3 Be2 30. Rc1 Bxf1 31. Rxf1 Rc8 32. Rc1 Rc6 33. g3 h5 34. Kg2 g4
35. Be3 Re6 36. Rc2 Re8 37. Nc5 Nxc5 38. Bxc5 f5 39. Nd6 1-0

[Event "Bunratty Masters 2015"]
[Site "Bunratty IRL"]
[Date "2015.02.20"]
[Round "1.10"]
[White "Cafolla, Peter"]
[Black "L'Ami, Alina"]
[Result "0-1"]
[BlackTitle "IM"]
[WhiteElo "2060"]
[BlackElo "2392"]
[WhiteFideId "2500884"]
[BlackFideId "1210246"]
[EventDate "2015.02.20"]

1. d4 Nf6 2. c4 g6 3. Nc3 Bg7 4. e4 d6 5. Be2 O-O 6. Nf3 e5 7. d5 a5 8. Bg5 h6
9. Bh4 Na6 10. O-O Qe8 11. Qc2 Nh7 12. Ne1 f5 13. exf5 Bxf5 14. Bd3 Nb4 15. Qd2
Nxd3 16. Nxd3 g5 17. Bg3 Qg6 18. Ne1 h5 19. f3 Bh6 20. Bf2 g4 21. Be3 Ng5 22.
Kh1 Kh7 23. Rg1 h4 24. fxg4 Bxg4 25. h3 Bf5 26. Nf3 Nxf3 27. gxf3 Qh5 28. Bxh6
Qxh6 29. Qg5 Bxh3 30. Ne4 Rae8 31. Qxh6+ Kxh6 32. Rg5 Rxf3 33. Rag1 Bf5 34. Rh5+
Kxh5 35. Nf6+ Kh6 36. Nxe8 Be4 37. Kh2 Rf8 38. Nxc7 Rf2+ 39. Kh3 Kh5 0-1

[Event "Bunratty Masters 2015"]
[Site "Bunratty IRL"]
[Date "2015.02.20"]
[Round "1.11"]
[White "Rendle, Thomas E"]
[Black "Murray, David"]
[Result "1-0"]
[WhiteTitle "IM"]
[WhiteElo "2378"]
[BlackElo "2162"]
[WhiteFideId "408760"]
[BlackFideId "2501511"]
[EventDate "2015.02.20"]

1. e4 c5 2. d3 Nc6 3. f4 d5 4. Nf3 dxe4 5. dxe4 Qxd1+ 6. Kxd1 Bg4 7. c3 Nf6 8.
Nd2 e5 9. f5 g6 10. h3 Bxf3+ 11. gxf3 a6 12. a4 Bh6 13. Kc2 gxf5 14. exf5 Bxd2
15. Bxd2 Rg8 16. Be3 b6 17. Rd1 Ne7 18. Bd3 Ned5 19. Bc1 Rg3 20. Rhe1 O-O-O 21.
Bxa6+ Kc7 22. Rxe5 Rxf3 23. Bg5 Rg8 24. Bxf6 Ne3+ 25. Rxe3 Rxe3 26. Bb5 Rxh3 27.
Rd7+ Kc8 28. Rxf7 Rg2+ 29. Kb3 1-0

[Event "Bunratty Masters 2015"]
[Site "Bunratty IRL"]
[Date "2015.02.20"]
[Round "1.12"]
[White "Ackley, Peter J E"]
[Black "Heidenfeld, Mark"]
[Result "1/2-1/2"]
[BlackTitle "IM"]
[WhiteElo "2038"]
[BlackElo "2376"]
[WhiteFideId "414824"]
[BlackFideId "2500990"]
[EventDate "2015.02.20"]

1. f4 Nf6 2. Nf3 g6 3. e3 Bg7 4. d4 O-O 5. Bd3 d5 6. O-O c5 7. c3 b6 8. Qe2 a5
9. a4 Ba6 10. Na3 Bxd3 11. Qxd3 Qc8 12. b3 e6 13. Nb5 Rd8 14. Ba3 Na6 15. Rac1
Qb7 16. h3 Rac8 17. g4 Ne4 18. Nd2 Nxd2 19. Qxd2 Nc7 20. Nxc7 Qxc7 21. Qe2 c4
22. b4 axb4 23. Bxb4 Ra8 24. Ra1 Ra6 25. Ra2 Rda8 26. Rfa1 Qc6 27. Qc2 Bf8 28.
Kf2 R8a7 29. Ra3 Be7 30. Bxe7 Rxe7 31. Qb2 Rea7 32. Qb4 Ra5 33. g5 R7a6 34. h4
Qc7 35. h5 Qd8 36. h6 Qf8 37. Qb2 Qd6 38. Qb4 Qf8 39. Qb2 Qe7 40. Qb4 Kf8 41.
Ke2 Ke8 42. Kd2 Kd7 43. Kc2 Qd6 44. Qxd6+ Kxd6 45. Kb2 Kc6 46. R3a2 Kb7 47. Ra3
Ra8 48. R3a2 1/2-1/2

[Event "Bunratty Masters 2015"]
[Site "Bunratty IRL"]
[Date "2015.02.20"]
[Round "1.13"]
[White "Bates, Richard A"]
[Black "Harding, Tim D"]
[Result "1-0"]
[WhiteTitle "IM"]
[WhiteElo "2342"]
[BlackElo "2106"]
[WhiteFideId "403555"]
[BlackFideId "2500256"]
[EventDate "2015.02.20"]

1. d4 e6 2. g3 Nf6 3. c4 d5 4. Bg2 dxc4 5. Nf3 Bb4+ 6. Bd2 a5 7. O-O O-O 8. e3
b5 9. a4 Bxd2 10. Nfxd2 Ra7 11. axb5 Bb7 12. Bxb7 Rxb7 13. Nc3 c6 14. Nxc4 cxb5
15. Nxa5 Rb6 16. Qf3 Na6 17. Rfc1 Nb4 18. Ne4 Nfd5 19. Nc5 Nc6 20. Nd3 Qd6 21.
Nxc6 Rxc6 22. Rxc6 Qxc6 23. Rc1 Qa8 24. Rc5 b4 25. Kg2 Rb8 26. Ne5 Qb7 27. e4
Nf6 28. Nc6 Re8 29. b3 Nd7 30. Rc2 Nb8 31. e5 Nxc6 32. Qxc6 Qxc6+ 33. Rxc6 Rb8
34. Kf3 Kf8 35. Ke4 Ke8 36. Rc7 Rb5 37. Kd3 f6 38. f4 g5 39. Rxh7 gxf4 40. gxf4
fxe5 41. fxe5 1-0

[Event "Bunratty Masters 2015"]
[Site "Bunratty IRL"]
[Date "2015.02.20"]
[Round "1.14"]
[White "Fox, Anthony"]
[Black "Pein, Malcolm"]
[Result "1/2-1/2"]
[BlackTitle "IM"]
[WhiteElo "2036"]
[BlackElo "2344"]
[WhiteFideId "2500736"]
[BlackFideId "400289"]
[EventDate "2015.02.20"]

1. e4 e6 2. Nc3 d5 3. Nf3 d4 4. Ne2 c5 5. c3 Nc6 6. cxd4 cxd4 7. Qa4 Qb6 8.
Nexd4 Bd7 9. Bb5 Bc5 10. Bxc6 bxc6 11. O-O Nf6 12. d3 O-O 13. Bg5 Rab8 14. Rab1
Ng4 15. Bh4 Bd6 16. Qc2 Nxh2 17. Nxh2 Qxd4 18. Nf3 Qb6 19. d4 Rfc8 20. e5 Bf8
21. Ng5 g6 22. Ne4 Rb7 23. Rfd1 c5 24. Nf6+ Kg7 25. Nxd7 Rxd7 26. Bf6+ Kg8 27.
dxc5 Rxc5 28. Qe2 Rcd5 29. Rxd5 Rxd5 30. Rc1 Bc5 31. Rc4 Qb5 32. b4 Bf8 33. Qc2
Rd1+ 34. Qxd1 Qxc4 35. Qd8 Qc1+ 36. Kh2 Qf4+ 37. Kg1 Qc1+ 38. Kh2 Qf4+ 1/2-1/2

[Event "Bunratty Masters 2015"]
[Site "Bunratty IRL"]
[Date "2015.02.20"]
[Round "1.15"]
[White "Fitzsimons, David"]
[Black "Tunka, Philipp"]
[Result "1-0"]
[WhiteTitle "FM"]
[WhiteElo "2389"]
[BlackElo "2010"]
[WhiteFideId "2501961"]
[BlackFideId "4638867"]
[EventDate "2015.02.20"]

1. e4 c5 2. Nf3 Nc6 3. Bb5 g6 4. Bxc6 dxc6 5. d3 b6 6. h3 Bg7 7. O-O Nf6 8. a4
Bb7 9. a5 O-O 10. Nbd2 Nd7 11. Nc4 Ba6 12. Ra2 Bxc4 13. dxc4 Qc7 14. Qe2 Rfb8
15. b3 b5 16. Bg5 f6 17. Be3 b4 18. Ne1 e5 19. Nd3 Bf8 20. f3 a6 21. Qf2 Qd6 22.
Raa1 Rd8 23. Rfd1 Qe7 24. Rd2 Kf7 25. Rad1 Ke8 26. Nb2 Rac8 27. Na4 Rb8 28. Kh2
Rbc8 29. Rxd7 Rxd7 30. Rxd7 Kxd7 31. Bxc5 Qd8 32. Nb6+ Ke6 33. Bxf8 Qxf8 34.
Nxc8 Qxc8 35. Qb6 f5 36. exf5+ gxf5 37. Qxb4 f4 38. c5 Qd7 39. Qc4+ Qd5 40. Qxa6
Qxc5 41. Qc8+ Kf7 42. Qf5+ Ke7 43. a6 1-0

[Event "Bunratty Masters 2015"]
[Site "Bunratty IRL"]
[Date "2015.02.20"]
[Round "1.16"]
[White "Fehr, Jukka"]
[Black "Short, Philip M"]
[Result "1-0"]
[BlackTitle "FM"]
[WhiteElo "1973"]
[BlackElo "2294"]
[WhiteFideId "4674693"]
[BlackFideId "2500086"]
[EventDate "2015.02.20"]

1. d4 Nf6 2. Nf3 g6 3. c4 Bg7 4. Nc3 O-O 5. e4 d6 6. Be2 Nbd7 7. h3 e5 8. Be3 a5
9. dxe5 dxe5 10. Qc2 c6 11. Rd1 Qe7 12. O-O Ne8 13. Rfe1 f5 14. exf5 gxf5 15.
Bg5 Qf7 16. Na4 c5 17. Bd8 e4 18. Ng5 Qg6 19. h4 h6 20. h5 Qc6 21. Nh3 Bd4 22.
Nf4 Nef6 23. Bxf6 Nxf6 24. Nc3 Be6 25. Nb5 Rad8 26. Qc1 Kh7 27. Ng6 Rfe8 28. Qf4
Rd7 29. Rxd4 cxd4 30. Qe5 Bf7 31. Qxf5 Kg7 32. Ne5 Rxe5 33. Qxe5 d3 34. Bg4 Rd8
35. Nd4 Rxd4 36. Qxd4 Qxc4 37. Rxe4 Qxd4 38. Rxd4 Bxa2 39. Bf3 Bb1 40. Kf1 b5
41. Rd6 a4 42. Rb6 Kf7 43. Ke1 Nd7 44. Rb7 Ke6 45. Bg4+ Kd5 46. Bxd7 Kc4 47.
Be6+ Kb4 48. Kd2 1-0

[Event "Bunratty Masters 2015"]
[Site "Bunratty IRL"]
[Date "2015.02.20"]
[Round "1.17"]
[White "Smith, Andrew Philip"]
[Black "Hayes, Peter J."]
[Result "1-0"]
[WhiteTitle "FM"]
[WhiteElo "2150"]
[BlackElo "2099"]
[WhiteFideId "2500833"]
[BlackFideId "2502569"]
[EventDate "2015.02.20"]

1. e4 e6 2. d4 d5 3. Nc3 Nf6 4. e5 Nfd7 5. Qg4 c5 6. dxc5 Nc6 7. Nf3 f5 8. exf6
Nxf6 9. Qg3 Bxc5 10. Bd3 O-O 11. Bg5 e5 12. O-O-O Qa5 13. Bxf6 Rxf6 14. Nxd5 Rf8
15. Qh4 h6 16. Qh5 e4 17. Bxe4 Nb4 18. Ne7+ Kh8 19. Qg6 Nxa2+ 20. Kb1 Nc3+ 21.
bxc3 Qb5+ 22. Kc1 Ba3+ 23. Kd2 Bf5 24. Nxf5 Rxf5 25. Qxf5 Rd8+ 26. Ke1 1-0

[Event "Bunratty Masters 2015"]
[Site "Bunratty IRL"]
[Date "2015.02.20"]
[Round "1.18"]
[White "Moran, Stephen"]
[Black "Allen, Keith"]
[Result "1/2-1/2"]
[WhiteElo "2062"]
[BlackElo "2210"]
[WhiteFideId "2501872"]
[BlackFideId "2501147"]
[EventDate "2015.02.20"]

1. d4 f5 2. Bg5 h6 3. Bh4 g5 4. e4 Bg7 5. Bg3 f4 6. Bxf4 gxf4 7. Qh5+ Kf8 8.
Qf5+ Ke8 9. Qg6+ Kf8 10. Qf5+ Ke8 11. Qg6+ 1/2-1/2

[Event "Bunratty Masters 2015"]
[Site "Bunratty IRL"]
[Date "2015.02.20"]
[Round "1.19"]
[White "Larisch, Rolf"]
[Black "Thee, Bernd"]
[Result "1-0"]
[WhiteElo "2155"]
[BlackElo "1994"]
[WhiteFideId "12976350"]
[BlackFideId "2505630"]
[EventDate "2015.02.20"]

1. d4 d5 2. c4 e6 3. Nf3 Nf6 4. e3 Bd6 5. b3 c6 6. Bd3 Nbd7 7. Bb2 O-O 8. O-O
Re8 9. Ne5 Qc7 10. f4 b6 11. Nc3 Bb7 12. Rc1 dxc4 13. Bxc4 Rad8 14. Qe2 c5 15.
Nb5 Qb8 16. Nxd6 Qxd6 17. Rfd1 cxd4 18. Rxd4 Qe7 19. Bb5 a6 20. Rc7 axb5 21.
Rxb7 Nd5 22. Nc6 Qc5 23. Nxd8 Rxd8 24. Qd3 N7f6 25. Ra7 Ng4 26. h3 Ngf6 27. Kh1
Re8 28. a4 b4 29. Rc4 Qd6 30. Rcc7 Nh5 31. Rxf7 Qc5 32. Rxg7+ Nxg7 33. Rxg7+ Kf8
34. Qxh7 1-0

[Event "Bunratty Masters 2015"]
[Site "Bunratty IRL"]
[Date "2015.02.20"]
[Round "1.20"]
[White "Doyle, Hugh"]
[Black "O'Donnell, Conor"]
[Result "0-1"]
[WhiteElo "1924"]
[BlackElo "2190"]
[WhiteFideId "2500876"]
[BlackFideId "2504243"]
[EventDate "2015.02.20"]

1. c4 c6 2. g3 d5 3. Nf3 dxc4 4. Bg2 Nd7 5. Na3 Nb6 6. Qc2 Qd5 7. e4 Qd3 8. Qxd3
cxd3 9. Ne5 g6 10. b3 Bg7 11. Bb2 f5 12. f3 Nh6 13. Nxd3 Bxb2 14. Nxb2 O-O 15.
e5 f4 16. g4 Be6 17. d4 Rad8 18. Nc2 Bd5 19. Kf2 a5 20. Nd3 Na8 21. h4 Nc7 22.
Rhd1 Nb5 23. Rd2 Kg7 24. a4 Nc7 25. b4 Bb3 26. bxa5 Ne6 27. Rb1 Bxa4 28. Rxb7
Ng8 29. a6 c5 30. Nb2 Bxc2 31. Rxc2 cxd4 32. Bf1 Rd5 33. a7 d3 34. Bxd3 Ra8 35.
Be4 Ra5 36. Rc6 Nd8 37. Rcc7 Nxb7 38. Rxb7 R8xa7 39. Rxa7 Rxa7 40. Nd3 Ra2+ 41.
Kg1 Ra5 42. e6 Nf6 43. Bc6 Ra6 44. Bd7 Nxd7 45. exd7 Rd6 46. Nxf4 Rxd7 47. g5
Rd2 48. h5 gxh5 49. Nxh5+ Kg6 50. Ng3 Rd1+ 0-1

[Event "Bunratty Masters 2015"]
[Site "Bunratty IRL"]
[Date "2015.02.20"]
[Round "1.21"]
[White "Walton, Alan J"]
[Black "Benson, Oisin P."]
[Result "1-0"]
[WhiteTitle "CM"]
[WhiteElo "2130"]
[BlackElo "2019"]
[WhiteFideId "409898"]
[BlackFideId "2501821"]
[EventDate "2015.02.20"]

1. d4 Nf6 2. Bg5 c5 3. d5 Qb6 4. Nc3 Qxb2 5. Bd2 Qb6 6. e4 d6 7. f4 e6 8. Rb1
Qc7 9. Bb5+ Nbd7 10. dxe6 fxe6 11. Nf3 a6 12. Bc4 Nb6 13. Be2 d5 14. e5 Ng4 15.
Ng5 Nh6 16. Nce4 Nc4 17. Bxc4 dxc4 18. Qh5+ Kd8 19. Rd1 Bd7 20. Nxe6+ Bxe6 21.
Ba5+ Kc8 22. Bxc7 Kxc7 23. O-O Bg4 24. Qg5 Bxd1 25. Rxd1 Nf7 26. Qh5 g6 27. Qe2
b5 28. Qd2 Nd8 29. a4 Nc6 30. axb5 axb5 31. Nf6 1-0

[Event "Bunratty Masters 2015"]
[Site "Bunratty IRL"]
[Date "2015.02.21"]
[Round "2.4"]
[White "Pert, Nicholas"]
[Black "Fitzsimons, David"]
[Result "1/2-1/2"]
[WhiteTitle "GM"]
[BlackTitle "FM"]
[WhiteElo "2565"]
[BlackElo "2389"]
[WhiteFideId "403989"]
[BlackFideId "2501961"]
[EventDate "2015.02.20"]

1. d4 Nf6 2. Nf3 c5 3. d5 e6 4. c4 b5 5. Bg5 exd5 6. cxd5 d6 7. e4 a6 8. a4 Be7
9. Bxf6 Bxf6 10. axb5 Bxb2 11. Ra2 Bf6 12. Bd3 Bb7 13. O-O O-O 14. Nbd2 axb5 15.
Rxa8 Bxa8 16. Bxb5 Nd7 17. Qa4 Nb6 18. Qa5 Qc7 19. Nc4 Rb8 20. Rb1 Nxd5 21. exd5
Qxa5 22. Nxa5 Bxd5 23. Nd2 Ba2 24. Nc6 Rb6 25. Re1 Be6 26. Ba4 Ra6 27. Bb5 Rb6
28. Ba4 Ra6 29. Bb5 1/2-1/2

[Event "Bunratty Masters 2015"]
[Site "Bunratty IRL"]
[Date "2015.02.21"]
[Round "2.5"]
[White "Smith, Andrew Philip"]
[Black "Hebden, Mark L"]
[Result "0-1"]
[WhiteTitle "FM"]
[BlackTitle "GM"]
[WhiteElo "2150"]
[BlackElo "2491"]
[WhiteFideId "2500833"]
[BlackFideId "400084"]
[EventDate "2015.02.20"]

1. e4 e5 2. d4 exd4 3. Qxd4 Nc6 4. Qe3 g6 5. Nc3 Bg7 6. Bd2 Nf6 7. O-O-O O-O 8.
Be1 Re8 9. Nge2 b5 10. f3 b4 11. Nd5 Nxd5 12. Rxd5 a5 13. h4 d6 14. Nf4 Ne5 15.
h5 Ba6 16. hxg6 hxg6 17. Bxa6 Rxa6 18. Qe2 Ra8 19. Rd1 c6 20. g3 Qf6 21. Bf2
Nxf3 22. Qxf3 Qxb2+ 23. Kd2 Bc3+ 24. Kd3 d5 25. exd5 cxd5 26. Nxd5 Rad8 27. Rh7
f5 28. Rdh1 Re4 29. Rd7 Rxd7 0-1

[Event "Bunratty Masters 2015"]
[Site "Bunratty IRL"]
[Date "2015.02.21"]
[Round "2.6"]
[White "Norwood, David R"]
[Black "Larisch, Rolf"]
[Result "1-0"]
[WhiteTitle "GM"]
[WhiteElo "2502"]
[BlackElo "2155"]
[WhiteFideId "400106"]
[BlackFideId "12976350"]
[EventDate "2015.02.20"]

1. g3 f5 2. Bg2 Nf6 3. c4 e6 4. Nf3 Be7 5. O-O O-O 6. Nc3 d6 7. b4 a5 8. b5 Qe8
9. d4 Nbd7 10. Qd3 Bd8 11. Ba3 e5 12. dxe5 Nxe5 13. Nxe5 Qxe5 14. b6 Nd7 15.
bxc7 Bxc7 16. Nb5 1-0

[Event "Bunratty Masters 2015"]
[Site "Bunratty IRL"]
[Date "2015.02.21"]
[Round "2.7"]
[White "O'Donnell, Conor"]
[Black "Wells, Peter K"]
[Result "0-1"]
[BlackTitle "GM"]
[WhiteElo "2190"]
[BlackElo "2456"]
[WhiteFideId "2504243"]
[BlackFideId "400327"]
[EventDate "2015.02.20"]

1. d4 Nf6 2. c4 e6 3. Nc3 Bb4 4. Qc2 O-O 5. a3 Bxc3+ 6. Qxc3 b6 7. Bg5 Bb7 8. f3
h6 9. Bh4 d5 10. e3 Re8 11. Bd3 Nbd7 12. cxd5 Nxd5 13. Bxd8 Nxc3 14. Bxc7 Nd5
15. Bb5 Rec8 16. Bf4 g5 17. Bxd7 Rc2 18. Bg3 Nxe3 19. Ne2 Ba6 20. Nc3 Nxg2+ 21.
Kd1 Ne3+ 22. Ke1 Rd8 23. Bb5 Bxb5 24. Nxb5 Rxb2 25. Nd6 Nc2+ 26. Kd2 Nxa1+ 27.
Kc3 Rb3+ 28. Kc4 Rxa3 29. Rc1 Rxf3 30. Rxa1 Rxg3 31. hxg3 Rxd6 32. Rxa7 h5 0-1

[Event "Bunratty Masters 2015"]
[Site "Bunratty IRL"]
[Date "2015.02.21"]
[Round "2.8"]
[White "Bourached, Anthony"]
[Black "Baburin, Alexander"]
[Result "0-1"]
[BlackTitle "GM"]
[WhiteElo "1963"]
[BlackElo "2485"]
[WhiteFideId "2504456"]
[BlackFideId "2500914"]
[EventDate "2015.02.20"]

1. d4 d5 2. c4 e6 3. Nc3 Nf6 4. cxd5 exd5 5. Bg5 c6 6. Qc2 Na6 7. e3 Nc7 8. Bd3
Be7 9. Nf3 Ne6 10. Bxf6 Bxf6 11. b4 g6 12. O-O O-O 13. Rfd1 a6 14. a4 Ng5 15.
Nxg5 Bxg5 16. b5 a5 17. Rdc1 Be7 18. bxc6 bxc6 19. Nb1 Bd7 20. Nd2 Bd6 21. Nb3
Qe7 22. Nc5 Be8 23. Rab1 Ra7 24. Qe2 h5 25. Ba6 h4 26. g3 hxg3 27. hxg3 Kg7 28.
Kg2 Bxc5 29. Rxc5 Qe4+ 0-1

[Event "Bunratty Masters 2015"]
[Site "Bunratty IRL"]
[Date "2015.02.21"]
[Round "2.9"]
[White "L'Ami, Alina"]
[Black "Walton, Alan J"]
[Result "0-1"]
[WhiteTitle "IM"]
[BlackTitle "CM"]
[WhiteElo "2392"]
[BlackElo "2130"]
[WhiteFideId "1210246"]
[BlackFideId "409898"]
[EventDate "2015.02.20"]

1. d4 d5 2. c4 c6 3. Nf3 Nf6 4. Nc3 e6 5. Bg5 h6 6. Bh4 dxc4 7. e3 b5 8. a4 Bb4
9. Ne5 Bb7 10. Be2 Nbd7 11. f4 g5 12. Bg3 Nxe5 13. fxe5 Nd5 14. Qc1 Qa5 15. axb5
Bxc3+ 16. bxc3 Qxc3+ 17. Qxc3 Nxc3 18. bxc6 Bxc6 19. Bxc4 Bxg2 20. Rg1 Be4 21.
Kd2 Nd5 22. Bb5+ Kf8 23. Bc6 Rc8 24. Rgc1 Kg7 25. Rxa7 Rxc6 26. Rxc6 Rb8 27.
Rxe6 Rb2+ 28. Ke1 Bd3 29. Rc6 Nxe3 0-1

[Event "Bunratty Masters 2015"]
[Site "Bunratty IRL"]
[Date "2015.02.21"]
[Round "2.10"]
[White "Lalic, Bogdan"]
[Black "Fehr, Jukka"]
[Result "1-0"]
[WhiteTitle "GM"]
[WhiteElo "2483"]
[BlackElo "1973"]
[WhiteFideId "409081"]
[BlackFideId "4674693"]
[EventDate "2015.02.20"]

1. d4 f5 2. g3 Nf6 3. Bg2 g6 4. c4 Bg7 5. Nc3 O-O 6. Nf3 d6 7. O-O Qe8 8. d5 e5
9. dxe6 Na6 10. Nd4 c6 11. Bf4 Bxe6 12. Bxd6 Rf7 13. Qb3 Ne4 14. Nxe4 Bxd4 15.
Rad1 Bb6 16. Ng5 Rd7 17. e4 Nc5 18. Bxc5 Bxc5 19. Rxd7 Bxd7 20. exf5 gxf5 21.
Nf3 Qe2 22. Qxb7 Rd8 23. b4 Bc8 24. Qxc6 Bxb4 25. Ng5 Qe7 26. Bd5+ Kg7 27. Nf3
Rxd5 28. cxd5 Bb7 29. Qe6 Qf7 30. Qxf7+ Kxf7 31. Rb1 1-0

[Event "Bunratty Masters 2015"]
[Site "Bunratty IRL"]
[Date "2015.02.21"]
[Round "2.12"]
[White "Allen, Keith"]
[Black "Fox, Anthony"]
[Result "1-0"]
[WhiteElo "2210"]
[BlackElo "2036"]
[WhiteFideId "2501147"]
[BlackFideId "2500736"]
[EventDate "2015.02.20"]

1. d4 d5 2. c4 e6 3. Nc3 Nf6 4. cxd5 exd5 5. Bg5 c6 6. Qc2 h6 7. Bh4 g6 8. e3
Bf5 9. Bd3 Bxd3 10. Qxd3 Be7 11. Nf3 O-O 12. O-O Nbd7 13. Rab1 Re8 14. h3 a6 15.
Bg3 Bf8 16. Nd2 a5 17. f3 b5 18. Rbc1 Nb6 19. b3 Rc8 20. Bh4 b4 21. Ne2 Be7 22.
Rc2 Nfd7 23. Bf2 c5 24. Rfc1 cxd4 25. Rxc8 Nxc8 26. Nxd4 Ne5 27. Qb5 Na7 28. Qa6
Qb8 29. f4 Nd7 30. Qxa5 Nf6 31. Bh4 g5 32. fxg5 Ne4 33. Nxe4 dxe4 34. Qf5 Bf8
35. g6 Qb7 36. gxf7+ Qxf7 37. Qxf7+ Kxf7 38. Rc7+ Kg6 39. Rxa7 1-0

[Event "Bunratty Masters 2015"]
[Site "Bunratty IRL"]
[Date "2015.02.21"]
[Round "2.13"]
[White "Short, Philip M"]
[Black "Moran, Stephen"]
[Result "1-0"]
[WhiteTitle "FM"]
[WhiteElo "2294"]
[BlackElo "2062"]
[WhiteFideId "2500086"]
[BlackFideId "2501872"]
[EventDate "2015.02.20"]

1. d4 Nf6 2. c4 g6 3. Nc3 d5 4. cxd5 Nxd5 5. e4 Nxc3 6. bxc3 Bg7 7. Be3 c5 8.
Qd2 Qa5 9. Rc1 cxd4 10. cxd4 Qxd2+ 11. Bxd2 O-O 12. Be3 f5 13. Bc4+ Kh8 14. Nf3
fxe4 15. Ng5 h6 16. Nxe4 Nc6 17. d5 Ne5 18. Be2 Rd8 19. Rc7 Rxd5 20. Rxe7 Bf5
21. f3 Nd3+ 22. Kf1 Rf8 23. Nf2 Nb4 24. Rxb7 Nc2 25. Bxa7 Ra8 1-0